Przystanki linii autobusowej 20 w Toruniu - Statystyki

Ogólne statystyki
  • Ten quiz został rozwiązany 15 razy
  • Średni wynik to 20 z 32
Statystyki odpowiedzi
Odpowiedź % Poprawnych
GLINKI
89%
Plac Rapackiego
89%
Strobanda
89%
FORTECZNA
78%
Hallera
78%
Kluczyki
78%
Koniuchy
78%
Plac Armii Krajowej
78%
Poznańska
78%
Aleja Solidarności
67%
Freytaga
67%
Hubego
67%
Legionów
67%
Parkowa
67%
Polmozbyt
67%
Wiśniowieckiego
67%
Grasera
56%
Kluczyki Cmentarz
56%
Lelewela
56%
Odrodzenia
56%
Osiedle Tysiąclecia
56%
Poznańska Komisariat
56%
Poznańska-Osiedle
56%
Poznańska-Osiedle
56%
Stepowa
56%
Baza Transportu
44%
Dekerta
44%
Gniewkowska
44%
Forteczna II
33%
Kręta
33%
Osiedle Leśny Zakątek
33%
Rybińskiego
33%
Nie znaleziono quizów pasujących do podanych kryteriów
Rozkład punktacji
Procent ludzi z każdym wynikiem
Percentyl według liczby udzielonych odpowiedzi
Twoja historia wyników
Nie rozwiązałeś tego quizu